My grandfather's son : (Record no. 1211)
[ view plain ]
| 000 -LEADER | |
|---|---|
| fixed length control field | 01255cam a22003134a 4500 |
| 005 - DATE AND TIME OF LATEST TRANSACTION | |
| control field | 20260322212051.0 |
| 008 - FIXED-LENGTH DATA ELEMENTS--GENERAL INFORMATION | |
| fixed length control field | data |
| 010 ## - LIBRARY OF CONGRESS CONTROL NUMBER | |
| LC control number | 2007281324 |
| 020 ## - INTERNATIONAL STANDARD BOOK NUMBER | |
| International Standard Book Number | 9780060565558 |
| 020 ## - INTERNATIONAL STANDARD BOOK NUMBER | |
| International Standard Book Number | 0060565551 |
| 040 ## - CATALOGING SOURCE | |
| Original cataloging agency | DOV |
| Transcribing agency | DOV |
| Modifying agency | DLC |
| -- | BTCTA |
| -- | YDXCP |
| -- | WIQ |
| -- | LMR |
| -- | SLU |
| -- | DLC |
| 042 ## - AUTHENTICATION CODE | |
| Authentication code | pcc |
| 043 ## - GEOGRAPHIC AREA CODE | |
| Geographic area code | n-us--- |
| 050 00 - LIBRARY OF CONGRESS CALL NUMBER | |
| Classification number | KF8745.T48 |
| Item number | A3 2007 |
| 001 - CONTROL NUMBER | |
| control field | data |
| 100 1# - MAIN ENTRY--PERSONAL NAME | |
| Personal name | Thomas, Clarence, |
| Dates associated with a name | 1948- |
| 245 10 - TITLE STATEMENT | |
| Title | My grandfather's son : |
| Remainder of title | a memoir / |
| Statement of responsibility, etc. | Clarence Thomas. |
| 250 ## - EDITION STATEMENT | |
| Edition statement | 1st ed. |
| 260 ## - PUBLICATION, DISTRIBUTION, ETC. | |
| Place of publication, distribution, etc. | New York : |
| Name of publisher, distributor, etc. | Harper, |
| Date of publication, distribution, etc. | c2007. |
| 300 ## - PHYSICAL DESCRIPTION | |
| Extent | xii, 289 p., [16] p. of plates : |
| Other physical details | ill. ; |
| Dimensions | 24 cm. |
| 520 ## - SUMMARY, ETC. | |
| Summary, etc. | The Supreme Court justice recounts his life story, from his impoverished childhood in Jim Crow-era Georgia and his struggles to acquire an education, to his publicly contested confirmation to the nation's highest court. |
| 600 10 - SUBJECT ADDED ENTRY--PERSONAL NAME | |
| Personal name | Thomas, Clarence, |
| Dates associated with a name | 1948- |
| 600 17 - SUBJECT ADDED ENTRY--PERSONAL NAME | |
| Personal name | Thomas, Clarence, |
| Dates associated with a name | 1948- |
| Source of heading or term | sears |
| 610 10 - SUBJECT ADDED ENTRY--CORPORATE NAME | |
| Corporate name or jurisdiction name as entry element | United States. |
| Subordinate unit | Supreme Court |
| General subdivision | Officials and employees |
| Form subdivision | Biography. |
| 610 17 - SUBJECT ADDED ENTRY--CORPORATE NAME | |
| Corporate name or jurisdiction name as entry element | United States. |
| Subordinate unit | Supreme Court |
| General subdivision | Officials and employees |
| Form subdivision | Biography. |
| Source of heading or term | sears |
| 650 #0 - SUBJECT ADDED ENTRY--TOPICAL TERM | |
| Topical term or geographic name entry element | African American judges |
| Form subdivision | Biography. |
| 650 #7 - SUBJECT ADDED ENTRY--TOPICAL TERM | |
| Topical term or geographic name entry element | Judges |
| Geographic subdivision | United States |
| Form subdivision | Biography. |
| Source of heading or term | sears |
| 650 #7 - SUBJECT ADDED ENTRY--TOPICAL TERM | |
| Topical term or geographic name entry element | African American judges |
| Form subdivision | Biography. |
| Source of heading or term | sears |
| Withdrawn status | Lost status | Damaged status | Not for loan | Home library | Current library | Shelving location | Date acquired | Total checkouts | Full call number | Barcode | Date last seen | Price effective from | Koha item type |
|---|---|---|---|---|---|---|---|---|---|---|---|---|---|
| Liberty | Liberty | General stacks | 22/03/2026 | KF8745.T48 A3 2007 | BC0011250 | 22/03/2026 | 22/03/2026 | Books |